000
00247nam a2200109Ia 4500
008
200302s9999 xx 000 0 und d
100
_a
Shirley Conran
245
_a
The Magic Garden
260
_b
Macdonald & Co.
260
_c
1983
300
_a
144 P.,
999
_c
2251
_d
2251